European Capital Rodeo Quiz Stats

Quiz Updated Dec 23, 2013

Challenge
Share
Tweet
Embed
Score 0/47 Timer 03:00
0 Plays Today
% Correct
Athens
98%
London
97.5%
Berlin
97.4%
Paris
97.1%
Amsterdam
97.1%
Dublin
97%
Brussels
96.8%
Copenhagen
96.8%
Rome
96.7%
Lisbon
96.7%
Moscow
96.6%
Oslo
96.5%
Budapest
96.5%
Helsinki
96.5%
Madrid
96.4%
Prague
96.1%
Stockholm
95.9%
Vatican City
95.3%
Luxembourg
94.5%
Reykjavik
94.2%
Monaco
94.1%
Warsaw
94%
Vienna
93.3%
Belgrade
93%
% Correct
Bucharest
93%
San Marino
92.1%
Kyiv
91%
Bern
90.8%
Sarajevo
90.6%
Sofia
89.7%
Minsk
88.8%
Ankara
88.1%
Andorra la Vella
87.9%
Riga
87.8%
Bratislava
86.6%
Zagreb
84.4%
Skopje
79.9%
Tallinn
79.2%
Ljubljana
77.6%
Vilnius
75.9%
Nicosia
74.4%
Vaduz
72.4%
Valletta
72.3%
Pristina
64.5%
Tirana
63%
Chisinau
62.5%
Podgorica
59.2%

You're not logged in!

Compare scores with friends on all Sporcle quizzes.
Sign Up with Email
OR
Log In

You Might Also Like...

Show Comments

Extras

Top Quizzes Today


Score Distribution

Your Account Isn't Verified!

In order to create a playlist on Sporcle, you need to verify the email address you used during registration. Go to your Sporcle Settings to finish the process.